History multiple choice - Statistics

General Stats
  • This quiz has been taken 49 times
    13 since last reset
  • The average score is 20 of 25
Answer Stats
Question Answer % Correct
This notorious gangster led a prominent Chicago gang during Prohibition from 1925-31 Al Capone
100%
An _______________ is a chain/group of islands in lakes or oceans archipelago
100%
This battle is considered the deadliest in the Civil War Gettysburg
100%
This brave young woman led the French uprising against the British during the French Revolution Joan of Arc
100%
What is the highest elevation capital in the world? La Paz
100%
This president notoriously resigned from office after the Watergate tapes scandal Richard Nixon
100%
The famous _______ ________ was painted by Michaelangelo during the Reniassance in Vatican City Sistine Chapel
100%
This notorious German pilot caused havoc in WW1, credited with over 80 hits The Red Baron
100%
Former name of Istanbul after a famous Roman emperor Constantinople
90%
Who said "this day will live in infamy" after the bombing of Pearl Harbor? Franklin D Roosevelt
90%
The worlds largest island,____________ is part of the kingdom of __________ Greenland, Denmark
90%
This notorious island was a major WW2 battle, where American soldiers raised the flag high above Mt Suribachi Iwo Jima
90%
This Austrio-Hungary heir was assassinated in Sarajevo by a Serbian nationalist, effectively beginning WW1 Archduke Ferdiand
80%
The capital of the US Virgin islands Charlotte Amalie
80%
Famous Macedonian-Greek descent Ptolemaic age female ruler of Egypt Cleopatra
80%
Robert E Lee led the Army of Northern Virginia
80%
This famous canal was constructed in the early 1900s as a vital shipping route between the Atlantic and Pacific Panama Canal
80%
3 capitals of South Africa Cape town, Pretoria, Blomenfotein
70%
the Caribbean island of Aruba is a _________ possession Dutch
70%
The "capital" of the Scottish highlands Inverness
70%
The 5 Norman beaches stormed on D-Day were: Omaha, Juno, Sword, Utah, Gold
70%
This treacherous route around South America involved heavy seas and high winds due to proximity to Antarctica Cape Horn
60%
The southernmost capital in the world is: Wellington
60%
This NY battle was considered a turning point for the Revolutionary War Ticonderoga
50%
The "Frozen Chosin" was fought on a Korean....? reservoir
10%
No matching quizzes found
Score Distribution
Percent of People with Each Score
Percentile by Number Answered
Your Score History
You have not taken this quiz since the last reset